[Event "Sarafire"]
[Site "http://www.queenalice.com/game.php?id=210332"]
[Date "2007.5.13"]
[Round "-"]
[White "saraquette"]
[Black "dutchfire"]
[Result "1-0"]
[WhiteElo "1771"]
[BlackElo "1686"]

1. d4 d5 2. Nf3 Nc6 3. h3 Bf5 4. Bf4 e6 5. e3 Nf6 6. Bb5 Bd6 7. Ne5 Bxe5 8. dxe5
Ne4 9. f3 Nc5 10. O-O O-O 11. Bxc6 bxc6 12. Qd4 Nb7 13. Qa4 Qd7 14. e4 Bg6 15.
Rd1 Nc5 16. Qd4 Nb7 17. c4 c5 18. Qd3 d4 19. Qb3 Rfb8 20. Qc2 Na5 21. Bd2 Nc6
22. Bf4 Nb4 23. Qf2 a5 24. Na3 f5 25. exf5 Bxf5 26. b3 Nd3 27. Qd2 Qe7 28. Bg5
Qf7 29. Qe2 Qg6 30. h4 Rf8 31. Nb5 Rac8 32. Na7 Rce8 33. Nc6 Rf7 34. g4 Bxg4 35.
fxg4 Nf4 36. Qd2 Qe4 37. Nd8 Ne2+ 38. Qxe2 Rf4 39. Qxe4 Rxe4 40. Nc6 Rxg4+ 41.
Kh2 Rf8 42. Rf1 Re4 43. Ne7+ 1-0

[Event "AUTO-INT-427"]
[Site "http://www.queenalice.com/game.php?id=216842"]
[Date "2007.5.26"]
[Round "2"]
[White "gigino42"]
[Black "dutchfire"]
[Result "1-0"]
[WhiteElo "1723"]
[BlackElo "1701"]

1. e4 e5 2. f4 d5 3. exd5 exf4 4. Nf3 Nf6 5. c4 Be7 6. d3 O-O 7. Be2 Bd6 8. O-O
Bf5 9. Nc3 Nbd7 10. Kh1 Ng4 11. d4 Ne3 12. Bxe3 fxe3 13. g3 Re8 14. c5 Be7 15.
Kg1 Nf6 16. Bc4 Ng4 17. Qe2 Bg5 18. Rad1 Nf2 19. Rde1 Bh3 20. Rxf2 exf2+ 21.
Qxf2 Qf6 22. Ne4 Rxe4 23. Rxe4 Bf5 24. Re2 Bg4 25. Kg2 Bh6 26. h3 Bd7 27. Ne5
Qf5 28. Nxd7 Qxd7 29. b4 Rf8 30. Re4 Kh8 31. Qe2 f5 32. Re7 Qd8 33. Qe6 Bg5 34.
Rf7 Re8 35. Qxf5 Bf6 36. Qf4 Rf8 37. Qxc7 Qe8 38. Rxf8+ Qxf8 39. d6 Bxd4 40. Qf7
Qc8 41. Bd5 b6 42. c6 Bf6 43. d7 Qd8 44. c7 1-0

[Event "AUTO-INT-427"]
[Site "http://www.queenalice.com/game.php?id=216843"]
[Date "2007.5.26"]
[Round "2"]
[White "dutchfire"]
[Black "gigino42"]
[Result "0-1"]
[WhiteElo "1696"]
[BlackElo "1707"]

1. e4 e6 2. d4 d5 3. e5 c5 4. c3 Nc6 5. Nf3 Qb6 6. Bd3 f6 7. Qe2 Be7 8. Bf4 c4
9. Bf5 exf5 10. O-O g5 11. Be3 f4 12. Bc1 Bg4 13. exf6 Nxf6 14. Re1 O-O-O 15.
Nbd2 Rde8 16. Qd1 Bd6 17. Qc2 h6 18. h3 Bd7 19. Qg6 Qd8 20. b3 Reg8 21. Qc2 Na5
22. Ne5 Rg7 23. bxc4 Re7 24. cxd5 Rhe8 25. Ndf3 Nc4 26. Nxc4 Rxe1+ 27. Nxe1
Rxe1+ 28. Kh2 Qc7 29. Nxd6+ Qxd6 30. Qd2 f3+ 31. g3 Re2 0-1

[Event "AUTO-INT-427"]
[Site "http://www.queenalice.com/game.php?id=216844"]
[Date "2007.5.26"]
[Round "2"]
[White "tewald"]
[Black "dutchfire"]
[Result "0-1"]
[WhiteElo "1748"]
[BlackElo "1667"]

1. e4 e5 2. d3 Bc5 3. Qe2 d6 4. Be3 Bxe3 5. Qxe3 Nf6 6. h3 Nc6 7. c3 O-O 8. f4
b6 9. f5 Ba6 10. Nf3 Re8 11. g4 d5 12. Bg2 d4 13. cxd4 exd4 14. Qe2 Rxe4 15.
Nfd2 Rxe2+ 0-1

[Event "AUTO-INT-427"]
[Site "http://www.queenalice.com/game.php?id=216845"]
[Date "2007.5.26"]
[Round "2"]
[White "dutchfire"]
[Black "tewald"]
[Result "1-0"]
[WhiteElo "1681"]
[BlackElo "1790"]

1. e4 e6 2. d4 d5 3. e5 c5 4. c3 Nc6 5. Bb5 Qb6 6. Na3 c4 7. Bxc6+ bxc6 8. Qe2
Qa5 9. Nc2 Nh6 10. Nh3 g6 11. O-O Nf5 12. a3 Bg7 13. Nb4 Bb7 14. Bg5 h6 15. Bd2
O-O-O 16. Nf4 h5 17. Qf3 h4 18. Nh3 f6 19. Rfe1 g5 20. Qg4 Kd7 21. exf6 Bxf6 22.
Bxg5 Rdg8 23. Qf4 Bxg5 24. Nxg5 Ng7 25. Qf7+ Kc8 26. Nxe6 Nxe6 27. Rxe6 Rf8 28.
Qg6 Rfg8 29. Qf5 Kb8 30. Rae1 c5 31. Nxd5 cxd4 32. Qe5+ Kc8 33. Ne7+ 1-0

[Event "AUTO-ADV-527"]
[Site "http://www.queenalice.com/game.php?id=225363"]
[Date "2007.6.15"]
[Round "1"]
[White "VladimirSpirin"]
[Black "dutchfire"]
[Result "1-0"]
[WhiteElo "2030"]
[BlackElo "1693"]

1. b3 e5 2. Bb2 Nc6 3. g3 Bc5 4. e3 d6 5. Bg2 Nf6 6. d3 Bd7 7. Ne2 Ng4 8. h3 Nf6
9. a3 O-O 10. Nbc3 a6 11. O-O Ba7 12. Kh2 Re8 13. Ng1 Bf5 14. b4 d5 15. Nce2 e4
16. d4 Ne7 17. Qc1 c6 18. c4 Bb8 19. c5 h5 20. Kh1 Qc7 21. h4 Ng6 22. Nf4 Nxf4
23. exf4 Ng4 24. Ne2 g6 25. Qc3 e3 26. f3 Nf6 27. Rfe1 Ba7 28. a4 b6 29. a5 b5
30. Ng1 Kh7 31. Re2 Re7 32. Rae1 Rae8 33. Rxe3 Ng8 34. Bf1 Re6 35. Re5 f6 36.
Rxe6 Rxe6 37. Rxe6 Bxe6 38. Qe3 Bf7 39. Bc1 f5 40. Nh3 Nh6 41. Ng5+ Kg8 42. Qe5
Qd7 43. Qf6 Bb8 44. Nxf7 Qxf7 45. Qxc6 1-0

[Event "AUTO-ADV-527"]
[Site "http://www.queenalice.com/game.php?id=225364"]
[Date "2007.6.15"]
[Round "1"]
[White "dutchfire"]
[Black "VladimirSpirin"]
[Result "1-0"]
[WhiteElo "1690"]
[BlackElo "2044"]

1. e4 b6 2. Bc4 e6 3. d3 Bb7 4. Nc3 g6 5. Nf3 Bg7 6. Bg5 Ne7 7. Qd2 h6 8. Bh4 d6
9. O-O-O Nd7 10. g4 a6 11. a3 b5 12. Ba2 Ne5 13. Nxe5 Bxe5 14. f4 Bg7 15. Rhf1
Qd7 16. Rde1 a5 17. f5 g5 18. Bg3 Ng8 19. h4 b4 20. Nb1 e5 21. hxg5 hxg5 22. Rh1
O-O-O 23. Rxh8 Bxh8 24. Qxg5 Bf6 25. Qh5 Rf8 26. g5 Bd8 27. Nd2 Kb8 28. Nc4 f6
29. g6 c6 30. Ne3 d5 31. Rd1 Ka8 32. Ng4 Qg7 33. Qh7 Qe7 34. Rh1 bxa3 35. Qxe7
Bxe7 36. Rh8 Rb8 37. Nh6 Bf8 38. Ng4 axb2+ 39. Kxb2 Be7 40. g7 a4 41. Nh6 Nxh6
42. Rxh6 Bf8 43. gxf8=Q Rxf8 44. Bh4 dxe4 45. Rxf6 Rh8 46. Bg3 exd3 47. cxd3 c5
48. Bxe5 Rh3 49. Bc4 Re3 50. Bc3 Re2+ 51. Ka3 Rc2 52. Be5 Re2 53. Bd6 1-0

[Event "AUTO-ADV-527"]
[Site "http://www.queenalice.com/game.php?id=225377"]
[Date "2007.6.15"]
[Round "1"]
[White "toutey"]
[Black "dutchfire"]
[Result "1-0"]
[WhiteElo "1701"]
[BlackElo "1709"]

1. d4 d5 2. c4 e6 3. Nf3 Nf6 4. Bg5 Be7 5. e3 O-O 6. Nc3 b6 7. Bd3 c5 8. b3 Nc6
9. a3 cxd4 10. exd4 dxc4 11. bxc4 Bb7 12. O-O Kh8 13. Bc2 g6 14. d5 Na5 15. d6
Ng8 16. dxe7 1-0

[Event "AUTO-ADV-527"]
[Site "http://www.queenalice.com/game.php?id=225378"]
[Date "2007.6.15"]
[Round "1"]
[White "dutchfire"]
[Black "toutey"]
[Result "0-1"]
[WhiteElo "1720"]
[BlackElo "1939"]

1. e4 e6 2. d4 d5 3. e5 c5 4. c3 Nc6 5. Nf3 Qb6 6. a3 Bd7 7. b4 cxd4 8. cxd4 Rc8
9. Be3 Nh6 10. Bd3 Nf5 11. O-O Nxe3 12. fxe3 Be7 13. Nbd2 O-O 14. Qb1 h5 15. Nb3
f6 16. exf6 Rxf6 17. Nc5 Bxc5 18. dxc5 Qc7 19. Ng5 Qe5 20. Bh7+ Kf8 21. Qg6 Be8
22. Rxf6+ gxf6 23. Qg8+ Ke7 24. Qg7+ Kd8 25. Nf7+ Bxf7 26. Qf8+ Be8 27. Qd6+
Qxd6 28. cxd6 Ne5 0-1

[Event "Challenge"]
[Site "http://www.queenalice.com/game.php?id=244510"]
[Date "2007.7.24"]
[Round "-"]
[White "lesangesleader"]
[Black "dutchfire"]
[Result "1/2-1/2"]
[WhiteElo "1426"]
[BlackElo "1720"]

1. Nf3 Nc6 2. d4 d5 3. c4 e6 4. cxd5 exd5 5. a3 Nf6 6. Bg5 Be6 7. Nc3 Bd6 8. e3
O-O 9. Be2 Be7 10. O-O Ne4 11. Bxe7 Qxe7 12. Bd3 Nxc3 13. bxc3 a6 14. h3 b5 15.
e4 Na5 16. exd5 Bxd5 17. Re1 Qf6 18. Ne5 Qg5 19. Be4 c6 20. Nf3 Qd8 21. Bxd5
cxd5 22. Qc2 Nc4 23. Ne5 Re8 24. Nxc4 dxc4 25. Qd2 Qd7 26. Rxe8+ Rxe8 27. Re1
Rxe1+ 28. Qxe1 h6 29. Qe4 Qc8 30. d5 Qd8 31. Kf1 1/2-1/2

[Event "CFC 2nd Annual"]
[Site "http://www.queenalice.com/game.php?id=254496"]
[Date "2007.8.12"]
[Round "1"]
[White "ThetrueElrohir"]
[Black "dutchfire"]
[Result "0-1"]
[WhiteElo "1163"]
[BlackElo "1713"]

1. Nf3 d5 2. d4 Nf6 3. b3 Bf5 4. c4 c6 5. cxd5 cxd5 6. Nh4 Be4 7. f3 Bxb1 8.
Rxb1 e6 9. e4 Nc6 10. exd5 Nxd5 11. Bd2 Qxh4+ 12. g3 Qxd4 13. b4 Ndxb4 14. Qa4
Nd3+ 15. Ke2 Qxa4 16. Kxd3 O-O-O+ 17. Ke3 Qd4+ 18. Ke2 Qxd2# 0-1

[Event "SA team"]
[Site "http://www.queenalice.com/game.php?id=309781"]
[Date "2007.11.25"]
[Round "1"]
[White "d2d4"]
[Black "dutchfire"]
[Result "1/2-1/2"]
[WhiteElo "1788"]
[BlackElo "1716"]

1. Nf3 d5 2. d4 Nf6 3. c4 c6 4. Nc3 dxc4 5. a4 Bf5 6. e3 e6 7. Bxc4 Bb4 8. O-O
O-O 9. Nh4 Bg4 10. Qb3 a5 11. Na2 Qe7 12. h3 Nd5 13. Bxd5 Qxh4 14. Nxb4 exd5 15.
hxg4 axb4 16. Qxb4 b5 17. Bd2 bxa4 18. Rxa4 Rxa4 19. Qxa4 Qxg4 20. f3 Qe6 21. b4
h6 22. Re1 1/2-1/2

[Event "CFC 2nd Annual"]
[Site "http://www.queenalice.com/game.php?id=376660"]
[Date "2008.3.25"]
[Round "4"]
[White "MadScot"]
[Black "dutchfire"]
[Result "1-0"]
[WhiteElo "1914"]
[BlackElo "1719"]

1. e4 e5 2. Nf3 Nc6 3. Bc4 Bc5 4. O-O Nf6 5. d4 Bxd4 6. Nxd4 Nxd4 7. f4 d6 8. c3
Bg4 9. Qd2 Nc6 10. f5 Nxe4 11. Qd5 Qd7 12. Qxe4 Bh5 13. Be3 f6 14. Nd2 O-O-O 15.
Be6 1-0

[Event "Let's Play Chess!"]
[Site "http://www.queenalice.com/game.php?id=385549"]
[Date "2008.4.11"]
[Round "-"]
[White "BobySponja"]
[Black "dutchfire"]
[Result "0-1"]
[WhiteElo "1765"]
[BlackElo "1711"]

1. e4 e5 2. Nf3 Nc6 3. Nc3 Nf6 4. Bc4 Bc5 5. Nxe5 Nxe5 6. Bxf7+ Kxf7 7. d4 Bxd4
8. Qxd4 d6 9. f4 c5 10. Qa4 Nc6 11. Qc4+ Be6 12. Qe2 Re8 13. Be3 Kg8 14. O-O Bg4
15. Qf2 b6 16. h3 Bc8 17. f5 Ba6 18. Rfe1 Ne5 19. b3 Bb7 20. Bg5 Qd7 21. Bxf6
gxf6 22. Qh4 Qg7 23. Re3 Kh8 24. Rg3 Qe7 25. Rd1 Rg8 26. Nb5 Rxg3 27. Qxg3 Bxe4
28. c4 Rg8 29. Qh4 Nf3+ 0-1

[Event "CEARÁ - TERRA DO SOL"]
[Site "http://www.queenalice.com/game.php?id=394464"]
[Date "2008.4.28"]
[Round "-"]
[White "jw16js"]
[Black "dutchfire"]
[Result "0-1"]
[WhiteElo "1552"]
[BlackElo "1716"]

1. e4 e5 2. d4 exd4 3. Qxd4 Nc6 4. Qd2 Nf6 5. Bd3 Bc5 6. a3 Ng4 7. Nh3 d6 8. b4
Bd4 9. c3 Be5 10. f4 Bf6 11. Nf2 Nxf2 12. Qxf2 O-O 13. g4 Bh4 14. Qxh4 Qxh4+ 15.
Kd2 Qxg4 16. Rg1 Qxf4+ 17. Kd1 Qxh2 18. Re1 Ne5 19. Be2 Be6 20. Nd2 Bg4 21. Nf1
Qh5 22. Ng3 Bxe2+ 23. Rxe2 Qg6 24. Rg2 Qe6 25. Kc2 a5 26. Nf5 Ng6 27. Ng3 axb4
28. cxb4 Qc4+ 29. Kd1 Qd4+ 30. Rd2 Qxa1 31. Ne2 Rxa3 32. Ke1 Re3 33. Kf2 Rxe2+
34. Rxe2 Qxc1 35. Kg2 Qc4 36. Kf3 Ne5+ 37. Ke3 Qd3+ 38. Kf2 f5 39. exf5 Rxf5+
40. Kg2 Qxe2+ 0-1

[Event "Challenge"]
[Site "http://www.queenalice.com/game.php?id=402650"]
[Date "2008.5.13"]
[Round "-"]
[White "Danilo"]
[Black "dutchfire"]
[Result "1-0"]
[WhiteElo "1794"]
[BlackElo "1729"]

1. e4 e5 2. Nf3 Nc6 3. Bc4 Bc5 4. d3 d6 5. Ng5 Nh6 6. O-O Bg4 7. Qe1 Nd4 8. Qd2
Ne2+ 9. Kh1 Nf4 10. f3 Qxg5 11. fxg4 Nxg4 12. g3 Nf2+ 13. Rxf2 Bxf2 14. Qxf2 Ne6
15. Bxg5 Nxg5 16. h4 Ne6 17. Bd5 O-O 18. Nc3 c6 19. Bxe6 fxe6 20. Qe3 b6 21. d4
exd4 22. Qxd4 1-0

[Event "SA team"]
[Site "http://www.queenalice.com/game.php?id=434585"]
[Date "2008.7.17"]
[Round "3"]
[White "dutchfire"]
[Black "conqueror"]
[Result "1-0"]
[WhiteElo "1706"]
[BlackElo "1803"]

1. e4 d5 2. exd5 Qxd5 3. Nc3 Qd6 4. Nf3 c6 5. Bc4 Bg4 6. O-O Nf6 7. d3 e6 8. Be3
Be7 9. d4 O-O 10. Be2 Nbd7 11. a3 Rac8 12. Ng5 Bf5 13. Qd2 b6 14. b4 a6 15. Bxa6
Ra8 16. Be2 b5 17. Bf3 Rac8 18. Nge4 Qb8 19. Nc5 Nxc5 20. dxc5 Rfd8 21. Qe2 Qc7
22. Rfd1 Rxd1+ 23. Rxd1 h6 24. Bc1 Kf8 25. Bb2 Rd8 26. Rxd8+ Bxd8 27. Qd2 Be7
28. h3 Nd5 29. Bxd5 exd5 30. a4 bxa4 31. Nxa4 Bg5 32. Qe2 Bd8 33. c3 Bf6 34. Nb6
Be4 35. c4 Bxb2 36. Qxb2 dxc4 37. Nxc4 Bd5 38. Nd6 f6 39. Qe2 Qd7 40. Qh5 Be6
41. Qe2 Ke7 42. g4 Kd8 43. b5 cxb5 44. Nxb5 Qxb5 45. Qxb5 1-0

[Event "SA team"]
[Site "http://www.queenalice.com/game.php?id=484340"]
[Date "2008.10.28"]
[Round "4"]
[White "gdc"]
[Black "dutchfire"]
[Result "0-1"]
[WhiteElo "1276"]
[BlackElo "1726"]

1. e4 e5 2. Nf3 Nc6 3. Bb5 a6 4. Ba4 Nf6 5. O-O Be7 6. Bxc6 dxc6 7. d3 Bg4 8.
Bg5 O-O 9. h3 Bh5 10. Nbd2 b5 11. a3 Nd7 12. Qe2 Bxg5 13. g4 Bg6 14. Rab1 h6 15.
c3 Bf4 16. d4 Re8 17. c4 Nf6 18. d5 cxd5 19. cxd5 Nxd5 20. exd5 Bxb1 21. Rxb1
Qxd5 22. Rd1 Qe6 23. Ne4 f5 24. Nc5 Qg6 25. Nh2 fxg4 26. hxg4 Rad8 27. Nxa6 Qxa6
28. Nf3 Qg6 29. Rxd8 Qxg4+ 30. Kf1 Rxd8 31. Nxe5 Qxe2+ 32. Kxe2 Bxe5 33. b3 c5
0-1